| 000 | 00397nam a22001337a 4500 | ||
|---|---|---|---|
| 999 |
_c12469 _d12469 |
||
| 008 | 160804b xxu||||| |||| 00| 0 eng d | ||
| 020 | _a023728830 | ||
| 050 | _aQC 863 .B35 1973 | ||
| 100 | _aBainbridges, Jack. | ||
| 245 |
_aAir and Flight/ _cJack Bainbridge. |
||
| 260 |
_aLondon: _bEvans Brothers Limited, _c1973. |
||
| 300 |
_a79p. : _bIll.(some col ) ; _c24cm. |
||
| 942 |
_2lcc _cBOOKS _hQC 863 .B35 1973 |
||